| 000 | 00639nam a2200181 i 4500 | ||
|---|---|---|---|
| 001 | 72823 | ||
| 003 | ES-MaACL | ||
| 005 | 20230906171552.0 | ||
| 007 | t| | ||
| 008 | 040903s1976 sp ||||1| spa d | ||
| 100 | 0 |
_aGomà Ginestá, Fernando. _957724 |
|
| 245 | 1 | 0 |
_aNuevo método gravimétrico para la determinación de sílice en materiales silíceos basado en el procedimiento clásico / _cFernando Gomáa Ginestá. |
| 260 |
_a[S.l. : _bs.n., _c1976] |
||
| 300 |
_a40 p. ; _c24 cm. |
||
| 500 | _aEs tirada aparte de: Revista Cemento-Hormigón, nº 505, 1976. | ||
| 502 | _aTesis doctoral. | ||
| 852 |
_aES-MaACL _j2116-F-28 _bR.100559 |
||
| 999 |
_c72823 _d72823 |
||